|
|
|
|
| LEADER |
00000cam a2200000 7i4500 |
| 001 |
0000005820 |
| 005 |
20151222.0 |
| 008 |
070810 |
| 020 |
|
|
|a 9832612357
|
| 090 |
0 |
0 |
|a ECO
|b MAL
|
| 100 |
0 |
|
|a Noura Syifa
|
| 245 |
1 |
0 |
|a Kecemerlangan pendidikan
|c Noura Syifa
|
| 260 |
|
|
|a Kuala Lumpur :
|b Sabunai Media Sdn.Bhd ,
|c 2004
|
| 440 |
|
0 |
|a Siri pembangunan Malaysia
|
| 500 |
|
|
|a Children ages 10-12 years old (pink)
|
| 650 |
|
0 |
|a Economic development project
|z Malaysia
|
| 650 |
|
0 |
|a Malaysia
|x Ecomomic policy
|
| 999 |
|
|
|a 0000980281
|b Book
|c Children Collection
|e Cawangan Bukit Gambir
|
| 999 |
|
|
|a 0000980282
|b Book
|c Children Collection
|e Cawangan Taman Sri Lambak
|
| 999 |
|
|
|a 0000980283
|b Book
|c Children Collection
|e Cawangan Batu Pahat
|
| 999 |
|
|
|a 0000980284
|b Book
|c Children Collection
|e Cawangan Batu Pahat
|
| 999 |
|
|
|a 0000980285
|b Book
|c Children Collection
|e Cawangan Batu Pahat
|